000 00793nam a2200277Ia 4500
003 OSt
005 20220927105756.0
006 a|||||r|||| 00| 0
007 ta
008 220926b |||||||| |||| 00| 0 eng d
020 _a8188237396
024 _a202989
037 _cReference Collections
040 _aRTL
_cRTL
_beng
041 _2eng
_aeng
082 _a"Sk, P2/RR"
100 _aTOSEY Paul
_9374978
245 0 _aDictionary of personal development
260 _a"Delhi,"
_b"I.K. International, "
_c2002
300 _a"xiii, 202p"
_ccm.
490 _aContributions to Statistics
500 _aBibliography chapterwise
700 _a GREGORY Josie
_9374979
942 _h"Sk, P2/RR"
_cCC
999 _c694617
_d694617